00589nam a22002177a 450000500170000001000110001702000220002803500110005003700160006104000120007708200110008910000210010024500870012126000510020827000190025930000200027865000160029865000350031470000190034970000030036820170124110113.0 a965821 c00.00a0091328802 a965821 bCen Lib/Ret aDPLbEN aSbHAR aHarman, Humphrey aTales told to an African king /cby Humphrey Harman; illustrated by Berly Sanders  aGreat Britian bHutchinson junior books c1978 bGreat Britian  a127p.c21cm(Hb) aLiterature  aShort stories xAfrican kings  aSanders, Berly